000
00284nmm a2200097Ia 4500
008
220120s9999||||xx |||||||||||||||||und||
020
_a
0-07-052929
100
_a
Digit
245
0
_a
February 2011 : multimedia sony vegas pro game demos, 3d dev
260
_a
Nine dot nine interactive ltd.
999
_c
139651
_d
139651